000 00863nam0a22002531 4500
001 rc\892462
005 20250622032827.0
035 _a(NLR Aleph) 006068874
090 _a4982744
_c4982744
100 _a20041129d1983 |||y0rusy50 ca
101 0 _arus
102 _aRU
105 _ay |||||||||
200 1 _aКлиническое значение обменных нарушений при туберкулезе
_eАктовая речь
210 _aМ.
_cБ. и.
_d1983
215 _a11 с.
_d21
300 _aНа 3-й с. авт.: д. м. н., проф. К.Я. Келеберда
300 _aВ надзаг.: М-во здравоохранения СССР, ЦНИИ туберкулеза
700 1 _aКелеберда
_bК.Я.
801 0 _aRU
_bNLR
_gpsbo
801 1 _aRU
_bELAR
_2rusmarc
852 _aNLR
_j83-6/6100
942 _cBOOK
980 _aNB